LIBRARY & INFORMATION CENTRE, KCAET, TAVANUR

ONLINE PUBLIC ACCESS CATALOGUE (OPAC)

Theatre in India / (Record no. 5949)

MARC details
000 -LEADER
fixed length control field 00356cam a2200145ua 4500
041 ## - LANGUAGE CODE
Language code of text/sound track or separate title eng
082 ## - DEWEY DECIMAL CLASSIFICATION NUMBER
Classification number 792.0954
Item number BAL/TH
100 ## - MAIN ENTRY--AUTHOR NAME
Personal name Balwant, Gargi.
245 ## - TITLE STATEMENT
Title Theatre in India /
260 ## - PUBLICATION, DISTRIBUTION, ETC. (IMPRINT)
Place of publication New York :
Name of publisher Theatre Arts Books ,
Year of publication 1962.
300 ## - PHYSICAL DESCRIPTION
Number of Pages 245 ; .
942 ## - ADDED ENTRY ELEMENTS (KOHA)
Koha item type Books
Holdings
Withdrawn status Lost status Damaged status Home library Current library Date acquired Full call number Accession Number Koha item type
Withdrawn     KAUAET Malayalam University 07/04/2012 792.0954 4051 Books
free website counter